000
00211nam a2200085Ia 4500
008
120527s9999 xx 000 0 und d
100
_a
Salzinyerd, Denmark
245
_a
Psychoogy: the state of the art
942
_c
BK
999
_c
27626
_d
27626